
Library Catalogue

| 000 -LEADER | |
|---|---|
| fixed length control field | 02135cam a22002655i 4500 |
| 005 - DATE AND TIME OF LATEST TRANSACTION | |
| control field | 20260401133829.0 |
| 006 - FIXED-LENGTH DATA ELEMENTS--ADDITIONAL MATERIAL CHARACTERISTICS | |
| fixed length control field | m |o d | |
| 007 - PHYSICAL DESCRIPTION FIXED FIELD--GENERAL INFORMATION | |
| fixed length control field | cr ||||||||||| |
| 008 - FIXED-LENGTH DATA ELEMENTS--GENERAL INFORMATION | |
| fixed length control field | 170306s2017 si |||| o |||| 0|eng |
| 020 ## - INTERNATIONAL STANDARD BOOK NUMBER | |
| International Standard Book Number | 9789811039836 (hbk) |
| 020 ## - INTERNATIONAL STANDARD BOOK NUMBER | |
| International Standard Book Number | 9789811039843 (hbk) |
| 082 ## - DEWEY DECIMAL CLASSIFICATION NUMBER | |
| Classification number | 346.0482 SIN |
| 245 00 - TITLE STATEMENT | |
| Title | Copyright Law in the Digital World : |
| Remainder of title | Challenges and Opportunities / |
| Statement of responsibility, etc. | edited by Manoj Kumar Sinha and Vandana Mahalwar |
| 264 #1 - PRODUCTION, PUBLICATION, DISTRIBUTION, MANUFACTURE, AND COPYRIGHT NOTICE | |
| Place of production, publication, distribution, manufacture | Singapore : |
| Name of producer, publisher, distributor, manufacturer | Imprint: Springer, |
| Date of production, publication, distribution, manufacture, or copyright notice | 2017. |
| 300 ## - PHYSICAL DESCRIPTION | |
| Extent | X, 328 p. : |
| Dimensions | 24 cm. |
| 505 0# - FORMATTED CONTENTS NOTE | |
| Formatted contents note | Idea-expression Dichotomy and Originality requirements for Copyright Protection: An analysis of the jurisprudential underpinnings of the judicial pronouncements in India -- Marrakesh Treaty to Facilitate Access to Published Works for Visually Disabled: Putting an End to Global Book Famine -- Jurisprudential Analysis of the Rights of the Users in Copyrighted works -- Database Protection In India: Need For Reforms -- Reproduction right in digital medium and free use for educational purpose - An analysis of national and international obligations of India to provide education to all viz.a viz. protecting copyright -- First Sale Doctrine in the Digital Era -- Minor Exceptions' Doctrine in national copyright law: Guidance from the WTO Jurisprudence -- Criminalization of Copyrights infringements in the Digital Era with special reference to India -- Hosting Service Providers' Liability For Third Party Content: A Malaysian Perspective -- The Economics of Intellectual Property and Economic Entrepreneurship of Copyrights -- Software Protection under Copyright Law -- Copyright, Access And Information Society -- Copyright and the Digital Media: Perspective and Challenges in the New Legal Regime in India -- Copyright and Human Rights : The Quest for a Fair Balance. |
| 588 ## - SOURCE OF DESCRIPTION NOTE | |
| Source of description note | Description based on publisher-supplied MARC data. |
| 650 #0 - SUBJECT ADDED ENTRY--TOPICAL TERM | |
| Topical term or geographic name entry element | Conflict of laws. |
| 650 #0 - SUBJECT ADDED ENTRY--TOPICAL TERM | |
| Topical term or geographic name entry element | Mass media. |
| 650 #0 - SUBJECT ADDED ENTRY--TOPICAL TERM | |
| Topical term or geographic name entry element | Private international law. |
| 650 14 - SUBJECT ADDED ENTRY--TOPICAL TERM | |
| Topical term or geographic name entry element | IT Law, Media Law, Intellectual Property. |
| 700 1# - ADDED ENTRY--PERSONAL NAME | |
| Personal name | Mahalwar, Vandana |
| 700 1# - ADDED ENTRY--PERSONAL NAME | |
| Personal name | Sinha, Manoj Kumar |
| 942 ## - ADDED ENTRY ELEMENTS (KOHA) | |
| Source of classification or shelving scheme | Dewey Decimal Classification |
| Koha item type | BOOKs |
| Withdrawn status | Lost status | Source of classification or shelving scheme | Materials specified (bound volume or other part) | Damaged status | Not for loan | Home library | Current library | Shelving location | Date acquired | Source of acquisition | Total Checkouts | Total Renewals | Full call number | Barcode | Date last seen | Date last checked out | Price effective from | Koha item type | Public note |
|---|---|---|---|---|---|---|---|---|---|---|---|---|---|---|---|---|---|---|---|
| Dewey Decimal Classification | HB | . | . | General Stacks | 09.08.2018 | Gratis | 4 | 3 | 346.0482 SIN | 36265 | 21.07.2025 | 18.07.2025 | 09.08.2019 | BOOKs | Donated By Vice Chancellor, NSLIU |